000 00593nam a2200229Ia 4500
003 OSt
005 20221005131230.0
006 a|||||r|||| 00| 0
007 ta
008 221004b |||||||| |||| 00| 0 eng d
024 _a63161
037 _cTextual
040 _aCRL
_cCRL
_beng
041 _2eng
_aeng
082 _aV23163:1:M5, B9
100 _aDave Harikrishna Lalshankar
_9639299
245 0 _aShort history of Gondal
260 _c1889
650 _aHISTORY
942 _hV23163:1:M5, B9
_cTEXL
_2cc
999 _c1059711
_d1059711